000 00440nam a2200193Ia 4500
005 20240823021803.0
008 240823s9999||||xx |||||||||||||| ||und||
020 _a0-19-568583-0
041 _aENGLISH
082 _A621.382 P7
100 _aLathi B P
245 0 _aLinear Systems and Signals
250 _a1st
260 _c2007
_b"Oxford,New"
500 _aYES
650 _aSignals
_bElectronics
942 _cBK
999 _c177742
_d177742